000
003240000a22001450004500
001
005371
003
MACL
040
_a
MACL
090
_c
17364
_d
17363
245
_a
Daulat e Farooqui
_b
Nasir Uddin Syed
260
_a
Matba Nusrat ul Matabe Delhi,
_c
1875
350
_a
4.00
650
_a
Urdu Literature
942
_k
891
_c
Book
999
_c
17253
_d
17253